000 00774nam a2200253Ia 4500
003 OSt
005 20220918170851.0
006 a|||||r|||| 00| 0
007 ta
008 220917b |||||||| |||| 00| 0 eng d
020 _a9780748644155 (pbk)
_c1937.23
024 _a289,720
037 _b2533, 15/03/2016, Govinda Book House
_cTextual
040 _aARTS
_cARTS
_beng
041 _2eng
_aeng
082 _aMY92:(4), Q5
100 _aSoules Marshall
_931828
245 0 _aMedia persuasion and propaganda
260 _aEdinburgh
_bEdinburgh University Press UK
_c2015
300 _axii, 288p.
_ccm.
650 _aINDUSTRIAL ARTS
942 _hMY92:(4), Q5
_cTEXL
_2CC
999 _c136338
_d136338